000 00562nam a2200229Ia 4500
003 OSt
005 20220918175317.0
006 a|||||r|||| 00| 0
007 ta
008 220917b |||||||| |||| 00| 0 eng d
024 _a16,593
037 _cTextual
040 _aARTS
_cARTS
_beng
041 _2eng
_aeng
082 _aO:1L57:9, H8
100 _aDavies J G.
_9195
245 0 _aTheology of William Blake
260 _c1948
650 _aENGLISH LITERATURE
942 _hO:1L57:9, H8
_cTEXL
_2CC
999 _c156970
_d156970